[Event "Mitropa Cup Open 2019"]
[Site "Radenci"]
[Date "2019.06.01"]
[Round "6.11"]
[White "Lagunow, Raphael"]
[Black "Tica, Sven"]
[Result "1/2-1/2"]
[WhiteElo "2420"]
[BlackElo "2417"]
[Annotator "ChessBase"]
[PlyCount "73"]
[EventDate "2019.05.27"]
[EventType "team-tourn"]
[EventCountry "SLO"]
[SourceTitle "playchess.com"]
[Source "ChessBase"]
[SourceQuality "1"]
[WhiteTeam "Germany"]
[BlackTeam "Croatia"]
[WhiteTeamCountry "GER"]
[BlackTeamCountry "CRO"]
[TimeControl "40/5400+30:1800+30"]

1. Nf3 {[%emt 0:00:00]} d5 {[%emt 0:00:00]} 2. c4 {[%emt 0:00:00]} e6 {[%emt 0:00:00]} 3. e3 {[%emt 0:00:00]} Nf6 {[%emt 0:00:36]} 4. Nc3 {[%emt 0:00:02]} c5 {[%emt 0:01:26]} 5. cxd5 {[%emt 0:00:18]} exd5 {[%emt 0:00:48]} 6. d4 {[%emt 0:00:35]} a6 {[%emt 0:01:38]} 7. Be2 {[%emt 0:08:07]} Nc6 {[%emt 0:00:32]} 8. O-O {[%emt 0:01:08]} Be7 {[%emt 0:00:30]} 9. b3 {[%emt 0:02:13]} O-O {[%emt 0:00:53]} 10. dxc5 {[%emt 0:01:43]} Bxc5 {[%emt 0:00:07]} 11. Bb2 {[%emt 0:00:05]} Ba7 {[%emt 0:08:26]} 12. Rc1 {[%emt 0:29:30]} Re8 {[%emt 0:17:54]} 13. Na4 {[%emt 0:14:33]} Ne4 {[%emt 0:00:57]} 14. Nd4 {[%emt 0:00:24]} Ne5 {[%emt 0:01:22]} 15. Nc3 {[%emt 0:04:23]} Nf6 {[%emt 0:03:50]} 16. Na4 {[%emt 0:08:06]} Ne4 {[%emt 0:18:49]} 17. Nc3 {[%emt 0:00:14]} Nf6 {[%emt 0:05:52]} 18. Na4 {[%emt 0:03:09]} Qd6 {[%emt 0:01:26]} 19. Nf3 {[%emt 0:02:18]} Nc6 {[%emt 0:01:40]} 20. Bxf6 {[%emt 0:01:45]} gxf6 {[%emt 0:00:07]} 21. Nc3 {[%emt 0:00:11]} Rd8 {[%emt 0:05:37]} 22. Qc2 {[%emt 0:09:49]} Bg4 {[%emt 0:06:12]} 23. Rfd1 {[%emt 0:02:36]} Qe6 {[%emt 0:00:13]} 24. Nd4 {[%emt 0:05:29]} Nxd4 {[%emt 0:04:37]} 25. exd4 {[%emt 0:00:01]} Bf5 {[%emt 0:00:08]} 26. Bd3 {[%emt 0:01:43]} Bg6 {[%emt 0:00:06]} 27. Ne2 {[%emt 0:02:15]} Rac8 {[%emt 0:01:32]} 28. Qd2 {[%emt 0:00:02]} Rxc1 {[%emt 0:00:34]} 29. Rxc1 {[%emt 0:00:27]} Rc8 {[%emt 0:03:12]} 30. Rxc8+ {[%emt 0:02:28]} Qxc8 {[%emt 0:00:05]} 31. h3 {[%emt 0:00:10]} Kg7 {[%emt 0:01:13]} 32. Qe3 {[%emt 0:01:00]} Qe6 {[%emt 0:03:05]} 33. Nf4 {[%emt 0:00:16]} Qb6 {[%emt 0:00:57]} 34. Nxd5 {[%emt 0:01:21]} Qxd4 {[%emt 0:00:07]} 35. Qxd4 {[%emt 0:00:05]} Bxd4 {[%emt 0:00:05]} 36. Nf4 {[%emt 0:00:26]} Be5 {[%emt 0:04:48]} 37. Nxg6 {[%emt 0:00:07]} 1/2-1/2

[Event "Mitropa Cup Open 2019"]
[Site "Radenci"]
[Date "2019.06.01"]
[Round "6.12"]
[White "Srbis, Jurica"]
[Black "Schmidek, Emil"]
[Result "0-1"]
[WhiteElo "2429"]
[BlackElo "2396"]
[Annotator "ChessBase"]
[PlyCount "78"]
[EventDate "2019.05.27"]
[EventType "team-tourn"]
[EventCountry "SLO"]
[SourceTitle "playchess.com"]
[Source "ChessBase"]
[SourceQuality "1"]
[WhiteTeam "Croatia"]
[BlackTeam "Germany"]
[WhiteTeamCountry "CRO"]
[BlackTeamCountry "GER"]
[TimeControl "40/5400+30:1800+30"]

1. d4 {[%emt 0:00:00]} Nf6 {[%emt 0:00:00]} 2. c4 {[%emt 0:00:00]} e6 {[%emt 0:00:00]} 3. Nf3 {[%emt 0:00:00]} b6 {[%emt 0:00:00]} 4. e3 {[%emt 0:00:14]} Bb7 {[%emt 0:00:06]} 5. Nc3 {[%emt 0:00:11]} d5 {[%emt 0:00:53]} 6. cxd5 {[%emt 0:00:14]} exd5 {[%emt 0:01:14]} 7. Bb5+ {[%emt 0:00:13]} c6 {[%emt 0:01:43]} 8. Bd3 {[%emt 0:00:06]} Be7 {[%emt 0:01:37]} 9. O-O {[%emt 0:03:29]} O-O {[%emt 0:00:44]} 10. Ne5 {[%emt 0:00:48]} c5 {[%emt 0:07:47]} 11. b3 {[%emt 0:27:18]} Nc6 {[%emt 0:18:33]} 12. Bb5 {[%emt 0:20:36]} Nxe5 {[%emt 0:18:07]} 13. dxe5 {[%emt 0:00:09]} Ne8 {[%emt 0:00:45]} 14. Bb2 {[%emt 0:05:31]} d4 {[%emt 0:02:25]} 15. Ne2 {[%emt 0:02:06]} Qd5 {[%emt 0:06:57]} 16. f3 {[%emt 0:07:19]} Qxe5 {[%emt 0:00:16]} 17. exd4 {[%emt 0:01:07]} cxd4 {[%emt 0:03:10]} 18. Bd3 {[%emt 0:00:09]} Bd6 {[%emt 0:07:56]} 19. Ng3 {[%emt 0:00:08]} Qe3+ {[%emt 0:05:26]} 20. Rf2 {[%emt 0:02:20]} g6 {[%emt 0:01:49]} 21. Qf1 {[%emt 0:06:50]} Qf4 {[%emt 0:06:13]} 22. Re1 {[%emt 0:01:31]} Nf6 {[%emt 0:03:24]} 23. Be4 {[%emt 0:01:40]} Nxe4 {[%emt 0:03:54]} 24. fxe4 {[%emt 0:00:02]} Qe5 {[%emt 0:01:22]} 25. Bc1 {[%emt 0:01:44]} Bc5 {[%emt 0:02:47]} 26. Kh1 {[%emt 0:04:18]} d3 {[%emt 0:01:12]} 27. Rf3 {[%emt 0:01:54]} Ba6 {[%emt 0:00:24]} 28. Bd2 {[%emt 0:00:06]} Rad8 {[%emt 0:01:38]} 29. Rc1 {[%emt 0:03:22]} Bd4 {[%emt 0:00:20]} 30. Rc6 {[%emt 0:03:17]} Bb5 {[%emt 0:01:43]} 31. Rcf6 {[%emt 0:00:13]} Bc3 {[%emt 0:00:08]} 32. Qf2 {[%emt 0:03:06]} Bxd2 {[%emt 0:00:32]} 33. Qxd2 {[%emt 0:00:01]} Rd6 {[%emt 0:01:04]} 34. Nh5 {[%emt 0:01:24]} gxh5 {[%emt 0:01:33]} 35. R6f5 {[%emt 0:00:35]} Qg7 {[%emt 0:01:05]} 36. Qf4 {[%emt 0:01:52]} Qa1+ {[%emt 0:00:42]} 37. Rf1 {[%emt 0:00:03]} Qxf1+ {[%emt 0:00:16]} 38. Qxf1 {[%emt 0:00:04]} d2 {[%emt 0:00:05]} 39. Rg5+ {[%emt 0:00:10]} Kh8 {[%emt 0:00:13]} 0-1

[Event "Mitropa Cup Open 2019"]
[Site "Radenci"]
[Date "2019.06.01"]
[Round "6.13"]
[White "Nguyen, Thai Dai Van"]
[Black "Gazik, Viktor"]
[Result "1/2-1/2"]
[WhiteElo "2548"]
[BlackElo "2520"]
[Annotator "ChessBase"]
[PlyCount "85"]
[EventDate "2019.05.27"]
[EventType "team-tourn"]
[EventCountry "SLO"]
[SourceTitle "playchess.com"]
[Source "ChessBase"]
[SourceQuality "1"]
[WhiteTeam "Czech Republic"]
[BlackTeam "Slovakia"]
[WhiteTeamCountry "CZE"]
[BlackTeamCountry "SVK"]
[TimeControl "40/5400+30:1800+30"]

1. e4 {[%emt 0:00:00]} c6 {[%emt 0:00:00]} 2. d4 {[%emt 0:00:00]} d5 {[%emt 0:00:00]} 3. e5 {[%emt 0:00:00]} Bf5 {[%emt 0:00:00]} 4. Nf3 {[%emt 0:00:14]} e6 {[%emt 0:00:08]} 5. Be2 {[%emt 0:00:04]} Ne7 {[%emt 0:00:27]} 6. O-O {[%emt 0:00:05]} Nd7 {[%emt 0:00:13]} 7. Nbd2 {[%emt 0:00:34]} h6 {[%emt 0:00:06]} 8. Nb3 {[%emt 0:00:03]} g5 {[%emt 0:00:07]} 9. a4 {[%emt 0:01:09]} a5 {[%emt 0:00:11]} 10. Bd2 {[%emt 0:26:34]} Bg7 {[%emt 0:01:24]} 11. c4 {[%emt 0:01:51]} O-O {[%emt 0:07:35]} 12. c5 {[%emt 0:09:28]} f6 {[%emt 0:36:06]} 13. exf6 {[%emt 0:01:39]} Nxf6 {[%emt 0:00:04]} 14. Ne5 {[%emt 0:06:41]} Ne4 {[%emt 0:14:39]} 15. Be3 {[%emt 0:02:48]} Bh7 {[%emt 0:03:32]} 16. Bd3 {[%emt 0:06:39]} Nf5 {[%emt 0:04:30]} 17. Bxe4 {[%emt 0:00:47]} dxe4 {[%emt 0:00:05]} 18. Nc4 {[%emt 0:03:55]} Bg6 {[%emt 0:11:03]} 19. Qc2 {[%emt 0:02:49]} Nh4 {[%emt 0:05:58]} 20. Ne5 {[%emt 0:08:12]} Bh7 {[%emt 0:03:38]} 21. Nd2 {[%emt 0:05:18]} Qe8 {[%emt 0:01:54]} 22. Ndc4 {[%emt 0:02:43]} Rd8 {[%emt 0:04:35]} 23. Qe2 {[%emt 0:02:07]} Rd5 {[%emt 0:01:10]} 24. Ra3 {[%emt 0:01:34]} Nf5 {[%emt 0:01:14]} 25. Rb3 {[%emt 0:04:34]} Rxd4 {[%emt 0:02:06]} 26. Rxb7 {[%emt 0:07:00]} Rd5 {[%emt 0:00:01]} 27. f4 {[%emt 0:00:43]} exf3 {[%emt 0:01:39]} 28. Nxf3 {[%emt 0:00:25]} Nxe3 {[%emt 0:00:33]} 29. Qxe3 {[%emt 0:00:29]} g4 {[%emt 0:00:56]} 30. Nfe5 {[%emt 0:00:16]} Rxf1+ {[%emt 0:00:09]} 31. Kxf1 {[%emt 0:00:02]} Qf8+ {[%emt 0:00:50]} 32. Ke1 {[%emt 0:00:52]} Qf5 {[%emt 0:00:33]} 33. Rb8+ {[%emt 0:02:33]} Bf8 {[%emt 0:00:00]} 34. h3 {[%emt 0:01:22]} Kg7 {[%emt 0:01:03]} 35. Rb7+ {[%emt 0:00:53]} Kg8 {[%emt 0:00:01]} 36. Rb8 {[%emt 0:00:14]} Kg7 {[%emt 0:00:01]} 37. Rb7+ {[%emt 0:02:30]} Kg8 {[%emt 0:00:04]} 38. Rb8 {[%emt 0:03:22]} Kg7 {[%emt 0:00:13]} 39. Rb7+ {[%emt 0:00:28]} Kg8 40. Nxg4 {[%emt 0:00:02]} Qb1+ {[%emt 0:00:06]} 41. Ke2 Qd1+ {[%emt 0:00:32]} 42. Kf2 Bxc5 {[%emt 0:00:02]} 43. Nf6+ {[%emt 0:00:18] Qb1 Ng4 Bf8} 1/2-1/2

[Event "Mitropa Cup Open 2019"]
[Site "Radenci"]
[Date "2019.06.01"]
[Round "6.14"]
[White "Druska, Juraj"]
[Black "Vykouk, Jan"]
[Result "1/2-1/2"]
[WhiteElo "2460"]
[BlackElo "2451"]
[Annotator "ChessBase"]
[PlyCount "129"]
[EventDate "2019.05.27"]
[EventType "team-tourn"]
[EventCountry "SLO"]
[SourceTitle "playchess.com"]
[Source "ChessBase"]
[SourceQuality "1"]
[WhiteTeam "Slovakia"]
[BlackTeam "Czech Republic"]
[WhiteTeamCountry "SVK"]
[BlackTeamCountry "CZE"]
[TimeControl "40/5400+30:1800+30"]

1. e4 {[%emt 0:02:25]} c5 {[%emt 0:00:00]} 2. Nf3 {[%emt 0:00:09]} Nc6 {[%emt 0:00:00]} 3. Bb5 {[%emt 0:00:52]} g6 {[%emt 0:00:00]} 4. O-O {[%emt 0:00:06]} Bg7 {[%emt 0:00:00]} 5. Re1 {[%emt 0:00:04]} Nf6 {[%emt 0:00:13]} 6. Bxc6 {[%emt 0:00:25]} dxc6 {[%emt 0:01:30]} 7. d3 {[%emt 0:00:20]} O-O {[%emt 0:00:14]} 8. h3 {[%emt 0:00:38]} Nd7 {[%emt 0:01:26]} 9. e5 {[%emt 0:02:46]} f6 {[%emt 0:14:19]} 10. exf6 {[%emt 0:23:38]} exf6 {[%emt 0:00:07]} 11. Bf4 {[%emt 0:00:20]} Re8 {[%emt 0:00:41]} 12. Nbd2 {[%emt 0:07:39]} Rxe1+ {[%emt 0:00:13]} 13. Qxe1 {[%emt 0:00:28]} Nf8 {[%emt 0:00:06]} 14. Qe3 {[%emt 0:14:34]} Ne6 {[%emt 0:00:47]} 15. Re1 {[%emt 0:00:14]} Bd7 {[%emt 0:01:14]} 16. Bd6 {[%emt 0:24:23]} Qa5 {[%emt 0:28:03]} 17. Nb3 {[%emt 0:07:37]} Qxa2 {[%emt 0:00:31]} 18. Nxc5 {[%emt 0:01:07]} Nxc5 {[%emt 0:00:05]} 19. Qxc5 {[%emt 0:00:07]} Re8 {[%emt 0:02:15]} 20. Rxe8+ {[%emt 0:00:58]} Bxe8 {[%emt 0:00:04]} 21. Qe3 {[%emt 0:00:13]} Bf7 {[%emt 0:00:54]} 22. c4 {[%emt 0:01:46]} Qxb2 {[%emt 0:03:08]} 23. Qxa7 {[%emt 0:01:48]} h5 {[%emt 0:01:26]} 24. Kh2 {[%emt 0:02:56]} Qb3 {[%emt 0:01:54]} 25. Qe3 {[%emt 0:01:58]} Qc3 {[%emt 0:04:55]} 26. Nd4 {[%emt 0:01:43]} Qa1 {[%emt 0:07:48]} 27. f4 {[%emt 0:00:48]} Qa8 {[%emt 0:05:21]} 28. Qe7 {[%emt 0:00:23]} Qc8 {[%emt 0:01:04]} 29. f5 {[%emt 0:02:36]} gxf5 {[%emt 0:00:04]} 30. Bf4 {[%emt 0:00:17]} Be8 {[%emt 0:08:18]} 31. Qc5 {[%emt 0:01:33]} Qd7 {[%emt 0:03:05]} 32. Nxf5 {[%emt 0:00:32]} b6 {[%emt 0:00:47]} 33. Qe3 {[%emt 0:00:32]} Qxf5 {[%emt 0:00:52]} 34. Qxe8+ {[%emt 0:00:00]} Kh7 {[%emt 0:00:01]} 35. Bd6 {[%emt 0:00:30]} Bh6 {[%emt 0:03:41]} 36. Qe7+ {[%emt 0:00:39]} Kg6 {[%emt 0:00:21]} 37. Qe8+ {[%emt 0:00:14]} Kh7 {[%emt 0:00:01]} 38. Qf7+ {[%emt 0:01:00]} Kh8 {[%emt 0:00:05]} 39. Qc7 {[%emt 0:00:37]} Qxd3 {[%emt 0:06:24]} 40. Qxc6 {[%emt 0:00:00]} Qe3 {[%emt 0:00:00]} 41. Qc8+ {[%emt 0:07:48]} Kg7 {[%emt 0:02:52]} 42. Qf5 {[%emt 0:02:49]} Bg5 {[%emt 0:01:22]} 43. Bg3 {[%emt 0:03:49]} h4 {[%emt 0:01:47]} 44. Bc7 {[%emt 0:02:38]} Qd4 {[%emt 0:03:07]} 45. Qe6 {[%emt 0:06:17]} Bf4+ {[%emt 0:00:19]} 46. Bxf4 {[%emt 0:00:02]} Qxf4+ {[%emt 0:00:06]} 47. Kg1 {[%emt 0:00:08]} Qd4+ {[%emt 0:01:00]} 48. Kf1 {[%emt 0:00:09]} Qd1+ {[%emt 0:05:47]} 49. Qe1 {[%emt 0:00:11]} Qd3+ {[%emt 0:00:04]} 50. Qe2 {[%emt 0:00:08]} Qd4 {[%emt 0:01:39]} 51. Qe6 {[%emt 0:06:12]} Qd1+ {[%emt 0:00:09]} 52. Kf2 {[%emt 0:00:05]} Qd2+ {[%emt 0:00:07]} 53. Kf3 {[%emt 0:02:48]} Qd3+ {[%emt 0:00:08]} 54. Qe3 {[%emt 0:00:06]} Qxc4 {[%emt 0:00:15]} 55. Qxb6 {[%emt 0:00:12]} Qf1+ {[%emt 0:01:45]} 56. Qf2 {[%emt 0:00:22]} Qxf2+ {[%emt 0:00:23]} 57. Kxf2 {[%emt 0:00:02]} Kg6 {[%emt 0:00:08]} 58. Ke3 {[%emt 0:01:44]} Kg5 {[%emt 0:06:15]} 59. Ke4 {[%emt 0:00:13]} Kg6 {[%emt 0:00:40]} 60. Kf4 {[%emt 0:00:29]} f5 {[%emt 0:00:05]} 61. Ke5 {[%emt 0:00:37]} Kg5 {[%emt 0:00:04]} 62. Ke6 {[%emt 0:00:03]} Kg6 {[%emt 0:00:05]} 63. Ke5 {[%emt 0:03:02]} Kg5 {[%emt 0:00:04]} 64. Ke6 {[%emt 0:00:04]} Kg6 {[%emt 0:00:05]} 65. Ke5 {[%emt 0:00:03]} 1/2-1/2

[Event "Mitropa Cup Open 2019"]
[Site "Radenci"]
[Date "2019.06.01"]
[Round "6.15"]
[White "Zilka, Stepan"]
[Black "Pechac, Jergus"]
[Result "1-0"]
[WhiteElo "2527"]
[BlackElo "2461"]
[Annotator "ChessBase"]
[PlyCount "91"]
[EventDate "2019.05.27"]
[EventType "team-tourn"]
[EventCountry "SLO"]
[SourceTitle "playchess.com"]
[Source "ChessBase"]
[SourceQuality "1"]
[WhiteTeam "Czech Republic"]
[BlackTeam "Slovakia"]
[WhiteTeamCountry "CZE"]
[BlackTeamCountry "SVK"]
[TimeControl "40/5400+30:1800+30"]

1. e4 {[%emt 0:00:00]} e5 {[%emt 0:02:59]} 2. Nf3 {[%emt 0:00:00]} Nc6 {[%emt 0:00:04]} 3. d4 {[%emt 0:00:00]} exd4 {[%emt 0:00:06]} 4. Nxd4 {[%emt 0:00:00]} Nf6 {[%emt 0:00:06]} 5. Nxc6 {[%emt 0:00:00]} bxc6 {[%emt 0:00:06]} 6. e5 {[%emt 0:00:00]} Qe7 {[%emt 0:00:06]} 7. Qe2 {[%emt 0:00:00]} Nd5 {[%emt 0:00:04]} 8. h4 {[%emt 0:00:00]} a5 {[%emt 0:00:03]} 9. g3 {[%emt 0:02:10]} Ba6 {[%emt 0:01:09]} 10. c4 {[%emt 0:00:13]} Qe6 {[%emt 0:08:29]} 11. Bh3 {[%emt 0:09:10]} Bb4+ {[%emt 0:00:07]} 12. Nd2 {[%emt 0:01:58]} Qg6 {[%emt 0:12:43]} 13. a3 {[%emt 0:00:22]} Bxd2+ {[%emt 0:00:43]} 14. Bxd2 {[%emt 0:00:22]} Qc2 {[%emt 0:05:32]} 15. Rc1 {[%emt 0:00:40]} Qxb2 {[%emt 0:00:24]} 16. O-O {[%emt 0:00:35]} Nb6 {[%emt 0:02:01]} 17. Rfd1 {[%emt 0:09:22]} Qxa3 {[%emt 0:03:02]} 18. Qg4 {[%emt 0:04:52]} O-O-O {[%emt 0:06:53]} 19. c5 {[%emt 0:12:22]} Nd5 {[%emt 0:08:51]} 20. Qd4 {[%emt 0:00:05]} Rde8 {[%emt 0:04:03]} 21. Ra1 {[%emt 0:03:40]} Qd3 {[%emt 0:05:48]} 22. Qa4 {[%emt 0:03:00]} Qb5 {[%emt 0:06:10]} 23. Qg4 {[%emt 0:10:14]} Qxc5 {[%emt 0:17:33]} 24. Qxd7+ {[%emt 0:06:25]} Kb8 {[%emt 0:00:04]} 25. Rdc1 {[%emt 0:03:28]} Qe7 {[%emt 0:03:45]} 26. Qxc6 {[%emt 0:04:20]} Nb6 {[%emt 0:00:13]} 27. Bg2 {[%emt 0:08:55]} Qd7 {[%emt 0:02:34]} 28. Qxd7 {[%emt 0:05:22]} Nxd7 {[%emt 0:00:05]} 29. Bxa5 {[%emt 0:00:11]} Rc8 {[%emt 0:01:39]} 30. Rcb1+ {[%emt 0:04:38]} Ka7 {[%emt 0:00:12]} 31. Bf1 {[%emt 0:01:22]} Rb8 {[%emt 0:02:35]} 32. Rxb8 {[%emt 0:03:04]} Nxb8 {[%emt 0:00:04]} 33. Bxc7 {[%emt 0:00:20]} Kb7 {[%emt 0:00:10]} 34. Bxb8 {[%emt 0:00:10]} Bxf1 {[%emt 0:00:04]} 35. Rb1+ {[%emt 0:00:04]} Ka8 {[%emt 0:00:22]} 36. Kxf1 {[%emt 0:00:07]} Rxb8 {[%emt 0:00:04]} 37. Ra1+ {[%emt 0:00:07]} Kb7 {[%emt 0:00:07]} 38. Rb1+ {[%emt 0:00:04]} Ka8 {[%emt 0:00:03]} 39. Rxb8+ {[%emt 0:00:24]} Kxb8 {[%emt 0:00:03]} 40. Ke2 {[%emt 0:00:00]} Kc7 {[%emt 0:00:00]} 41. Kd3 {[%emt 0:00:42]} Kd7 {[%emt 0:01:01]} 42. Ke4 {[%emt 0:01:12]} Ke7 {[%emt 0:02:33]} 43. Kf5 {[%emt 0:04:01]} f6 {[%emt 0:00:48]} 44. exf6+ {[%emt 0:04:00]} gxf6 {[%emt 0:00:15]} 45. g4 {[%emt 0:00:56]} Kf7 {[%emt 0:00:15]} 46. g5 {[%emt 0:03:06]} 1-0

[Event "Mitropa Cup Open 2019"]
[Site "Radenci"]
[Date "2019.06.01"]
[Round "6.16"]
[White "Sahidi, Samir"]
[Black "Miesbauer, Jan"]
[Result "0-1"]
[WhiteElo "2400"]
[BlackElo "2407"]
[Annotator "ChessBase"]
[PlyCount "66"]
[EventDate "2019.05.27"]
[EventType "team-tourn"]
[EventCountry "SLO"]
[SourceTitle "playchess.com"]
[Source "ChessBase"]
[SourceQuality "1"]
[WhiteTeam "Slovakia"]
[BlackTeam "Czech Republic"]
[WhiteTeamCountry "SVK"]
[BlackTeamCountry "CZE"]
[TimeControl "40/5400+30:1800+30"]

1. e4 {[%emt 0:00:00]} c5 {[%emt 0:00:00]} 2. Nf3 {[%emt 0:00:00]} Nc6 {[%emt 0:00:08]} 3. d4 {[%emt 0:00:51]} cxd4 {[%emt 0:00:06]} 4. Nxd4 {[%emt 0:00:13]} Nf6 {[%emt 0:00:35]} 5. Nc3 {[%emt 0:00:31]} d6 {[%emt 0:00:29]} 6. Bc4 {[%emt 0:04:18]} e6 {[%emt 0:00:39]} 7. Be3 {[%emt 0:02:42]} Be7 {[%emt 0:01:03]} 8. Bb3 {[%emt 0:01:20]} a6 {[%emt 0:00:51]} 9. f4 {[%emt 0:04:38]} Qc7 {[%emt 0:02:32]} 10. Qf3 {[%emt 0:08:20]} b5 {[%emt 0:23:11]} 11. a3 {[%emt 0:03:50]} Bb7 {[%emt 0:01:44]} 12. g4 {[%emt 0:04:56]} d5 {[%emt 0:06:26]} 13. e5 {[%emt 0:03:59]} Ne4 {[%emt 0:05:08]} 14. Nxc6 {[%emt 0:08:24]} Nxc3 {[%emt 0:03:45]} 15. Nd4 {[%emt 0:01:33]} Na4 {[%emt 0:02:44]} 16. Bxa4 {[%emt 0:01:32]} bxa4 {[%emt 0:00:05]} 17. O-O {[%emt 0:00:20]} h5 {[%emt 0:07:14]} 18. gxh5 {[%emt 0:04:05]} O-O-O {[%emt 0:00:51]} 19. Rae1 {[%emt 0:02:00]} Bc5 {[%emt 0:05:15]} 20. Bf2 {[%emt 0:03:59]} Qb6 {[%emt 0:01:36]} 21. c3 {[%emt 0:00:12]} Rh6 {[%emt 0:03:43]} 22. f5 {[%emt 0:02:13]} Rdh8 {[%emt 0:00:56]} 23. Qg4 {[%emt 0:03:58]} Kb8 {[%emt 0:02:25]} 24. Re2 {[%emt 0:05:16]} Rxh5 {[%emt 0:01:49]} 25. Bg3 {[%emt 0:00:45]} exf5 {[%emt 0:04:51]} 26. Qxg7 {[%emt 0:02:55]} Bxd4+ {[%emt 0:00:35]} 27. cxd4 {[%emt 0:00:07]} Qxd4+ {[%emt 0:00:08]} 28. Ref2 {[%emt 0:05:55]} Ka8 {[%emt 0:02:53]} 29. Qxf7 {[%emt 0:01:23]} Rg5 {[%emt 0:03:29]} 30. e6 {[%emt 0:03:14]} Qe3 {[%emt 0:01:48]} 31. e7 {[%emt 0:02:30]} d4 {[%emt 0:01:06]} 32. e8=Q+ {[%emt 0:07:20]} Rxe8 {[%emt 0:00:06]} 33. Qc7 {[%emt 0:00:12]} Rh8 {[%emt 0:00:24]} 0-1

[Event "Mitropa Cup Open 2019"]
[Site "Radenci"]
[Date "2019.06.01"]
[Round "6.17"]
[White "Stella, Andrea"]
[Black "Travadon, Loic"]
[Result "1-0"]
[WhiteElo "2511"]
[BlackElo "2441"]
[Annotator "ChessBase"]
[PlyCount "79"]
[EventDate "2019.05.27"]
[EventType "team-tourn"]
[EventCountry "SLO"]
[SourceTitle "playchess.com"]
[Source "ChessBase"]
[SourceQuality "1"]
[WhiteTeam "Italy"]
[BlackTeam "France"]
[WhiteTeamCountry "ITA"]
[BlackTeamCountry "FRA"]
[TimeControl "40/5400+30:1800+30"]

1. d4 {[%emt 0:00:00]} d5 {[%emt 0:00:00]} 2. c4 {[%emt 0:00:20]} c6 {[%emt 0:00:00]} 3. Nf3 {[%emt 0:00:27]} e6 {[%emt 0:00:00]} 4. e3 {[%emt 0:00:47]} Bd6 {[%emt 0:00:12]} 5. Bd3 {[%emt 0:01:05]} f5 {[%emt 0:00:44]} 6. O-O {[%emt 0:00:45]} Nf6 {[%emt 0:00:05]} 7. Ne5 {[%emt 0:03:22]} O-O {[%emt 0:00:41]} 8. f4 {[%emt 0:00:25]} c5 {[%emt 0:11:15]} 9. cxd5 {[%emt 0:07:36]} cxd4 {[%emt 0:05:50]} 10. exd4 {[%emt 0:14:02]} Nxd5 {[%emt 0:01:07]} 11. Nc3 {[%emt 0:03:48]} Bxe5 {[%emt 0:00:12]} 12. dxe5 {[%emt 0:02:28]} Nxc3 {[%emt 0:30:49]} 13. bxc3 {[%emt 0:00:15]} Qb6+ {[%emt 0:12:19]} 14. Kh1 {[%emt 0:02:50]} Rd8 {[%emt 0:01:00]} 15. Ba3 {[%emt 0:06:58]} Qc6 {[%emt 0:10:12]} 16. Bd6 {[%emt 0:08:50]} Nd7 {[%emt 0:03:00]} 17. Rb1 {[%emt 0:08:15]} a6 {[%emt 0:01:29]} 18. Qf3 {[%emt 0:27:47]} Qxf3 {[%emt 0:00:30]} 19. Rxf3 {[%emt 0:00:02]} b5 {[%emt 0:01:10]} 20. c4 {[%emt 0:00:27]} Bb7 {[%emt 0:00:42]} 21. Re3 {[%emt 0:01:44]} Nb6 {[%emt 0:01:21]} 22. Ree1 {[%emt 0:01:40]} Rdc8 {[%emt 0:01:19]} 23. cxb5 {[%emt 0:00:32]} Nd5 {[%emt 0:00:40]} 24. Rf1 {[%emt 0:04:06]} Ne3 {[%emt 0:03:28]} 25. Rf2 {[%emt 0:00:49]} axb5 {[%emt 0:01:20]} 26. Bxb5 {[%emt 0:00:32]} Be4 {[%emt 0:02:19]} 27. Re1 {[%emt 0:02:08]} Ng4 {[%emt 0:03:22]} 28. Rb2 {[%emt 0:00:23]} Bd5 {[%emt 0:01:25]} 29. h3 {[%emt 0:01:11]} Nh6 {[%emt 0:00:01]} 30. a4 {[%emt 0:00:03]} Rc3 {[%emt 0:00:09]} 31. Kh2 {[%emt 0:00:17]} Nf7 {[%emt 0:00:21]} 32. Bb4 {[%emt 0:00:43]} Rc7 {[%emt 0:00:25]} 33. Bd2 {[%emt 0:00:40]} Rb7 {[%emt 0:00:26]} 34. Rc1 {[%emt 0:00:27]} g5 {[%emt 0:00:19]} 35. Rbc2 {[%emt 0:00:12]} Rbb8 {[%emt 0:00:42]} 36. Rc3 {[%emt 0:01:08]} Kg7 {[%emt 0:00:20]} 37. fxg5 {[%emt 0:00:11]} Nxe5 {[%emt 0:01:42]} 38. Bf4 {[%emt 0:00:29]} Nf7 {[%emt 0:00:40]} 39. Bxb8 {[%emt 0:00:11]} Rxb8 {[%emt 0:00:00]} 40. Rc8 {[%emt 0:00:00]} 1-0